Artistas musicales por país I - Estadísticas

Estadísticas generales
  • Esta prueba ha sido intentada 193 veces
  • La puntuación promedio es 18 de 50
Estadísticas de respuestas
Intérpretes País % Correcto
Miguel Mateos, Soda Stereo, Trueno Argentina
84%
J Balvin, Carlos Vives, Joe Arroyo Colombia
81%
Alicia Keys, 2Pac, The Strokes Estados Unidos
78%
Maná, Mandragora, Paulina Rubio México
78%
Daft Punk, Édith Piaf, L'Imperatrice Francia
77%
M-Clan, Conchita Piquer, Rigoberta Bandini España
72%
Franco Battiato, Raphael Gualazzi, Lazza Italia
68%
Don Omar, Chayanne, Héctor Lavoe Puerto Rico
63%
Juan Luis Guerra, El Alfa, Omega República Dominicana
62%
Loreen, Axwell, Europe Suecia
61%
Kaleo, Hatari, Björk Islandia
58%
Michael Bublé, Bryan Adams, Avril Lavigne Canadá
57%
Celia Cruz, Orishas, Compay Segundo Cuba
57%
The Cranberries, The Boomtown Rats, Enya Irlanda
55%
Jorge Drexler, El Cuarteto de Nos, Chocolate Uruguay
54%
Yellow Magic Orchestra, Lamp, Masayoshi Takanaka Japón
49%
Los Prisioneros, Fernando Ubiergo, Mon Laferte Chile
47%
Roberto Antonio, Canserbero, Oscar D'León Venezuela
46%
José Cid, Salvador Sobral, Amor Electro Portugal
43%
Tame Impala, Parcels, Kylie Minogue Australia
40%
Falco, Opus, Conchita Wurst Austria
38%
Damian Marley, Shaggy, Sean Paul Jamaica
37%
Tiësto, VOF de Kunst, Duncan Laurence Países Bajos
37%
Calvin Harris, Simple Minds, Franz Ferdinand Escocia
34%
Ofra Haza, Static & Ben El Tavori, Netta Israel
34%
Bomfunk MC's, Lordi, The Rasmus Finlandia
33%
Electric Light Orchestra, The Chemical Brothers, Depeche Mode Inglaterra
29%
Kygo, Aurora, Ylvis Noruega
28%
Vangelis, Antique, Demis Roussos Grecia
26%
Tim Maia, Legião Urbana, Alok Brasil
25%
Baby Lasagna, Teresa Kesovija, Severina Croacia
25%
Tom Jones, Bonnie Tyler, The Alarm Gales
25%
t.A.T.u., Kino, PPK Rusia
22%
Idoli, Konstrakta, Željko Joksimović Serbia
22%
Andreas Bourani, Kraftwerk, Nena Alemania
20%
Kate Ryan, Plastic Bertrand, Vaya Con Dios Bélgica
20%
Th' Dudes, The Naked and Famous, Lorde Nueva Zelanda
16%
Dubioza kolektiv, Dino Merlin, Zabranjeno Pušenje Bosnia y Herzegovina
14%
Kalush, Khayat, Onuka Ucrania
14%
Tommy Seebach, Aqua, Fyr & Flamme Dinamarca
11%
The Roop, Beissoul & Einius, Dynoro Lituania
11%
Gergő Rácz, Omega, András Kállay-Saunders Hungría
10%
Khaled, Ahmed Malek, Dxrk ダーク Argelia
9%
Two Door Cinema Club, The Undertones, Therapy? Irlanda del Norte
9%
Jan Hammer, Lake Malawi, Ben Cristovao Chequia
8%
Borghesia, Joker Out, Torul Eslovenia
8%
Irakli Charkviani, Katie Melua, Circus Mircus Georgia
7%
2plus1, Dżem, Cypis Polonia
5%
Davay, Syn Cole, Velly Joonas Estonia
4%
Jeangu Macrooy, Chuckie, Lieve Hugo Surinam
4%
No se encontraron pruebas coincidentes
Distribución de puntuación
Porcentaje de gente con cada puntuación
Porcentaje por número respondido
Historial de tus puntuaciones
No has intentado esta prueba.